| 000 | 00464nam a22001697a 4500 | ||
|---|---|---|---|
| 005 | 20240613184654.0 | ||
| 008 | 240613b |||||||| |||| 00| 0 eng d | ||
| 020 | _a9781119207467 | ||
| 082 |
_a005.807 _bHER-O |
||
| 100 | _aHernandez Gordon | ||
| 245 |
_aThe Official (ISC)2 Guide to the SSC / _cGordon Hernandez |
||
| 260 |
_aUSA: _bSYBEX; _c2016. |
||
| 300 |
_aVII, 902 P .: _bill; _c24 cm. |
||
| 500 | _ainclude index. | ||
| 650 | _aNetworking | ||
| 999 |
_c35935 _d35935 |
||